Statistics for Where Was That Movie? - Country Edition

Click here to take the quiz!

General Stats

  • This quiz has been taken 29 times
  • The average score is 13 of 20

Answer Stats

HintAnswer% Correct
My Big Fat Greek WeddingUnited States
92%
The Last EmperorChina
88%
Mad MaxAustralia
81%
Jungle BookIndia
81%
Apocalypse NowVietNam
77%
All Quiet On The Western FrontFrance
73%
Dr. ZhivagoRussia
73%
TroyTurkey
73%
ArgoIran
69%
My Neighbor TotoroJapan
69%
MASHSouth Korea
65%
The Kite RunnerAfghanistan
58%
The Bridge On The River KwaiBurma
58%
The Killing FieldsCambodia
54%
The Life Of BrianIsrael / Palestine
54%
The Gods Must Be CrazyBotswana
46%
The Seventh SealSweden
42%
The Bicycle ThiefItaly
35%
Aguirre, The Wrath Of GodPeru / Brazil
35%
Come And SeeBelarus
27%

Score Distribution

Percentile by Number Answered

Percent of People with Each Score

Your Score History

You have not taken this quiz